[Event "Druga liga Srbije- Grupa Vojvodina 2014"]
[Site "Kac, hotel "]
[Date "2014.11.11"]
[Round "6.3"]
[White "Vlahovic, Bogdan"]
[Black "Drazic, Sinisa"]
[Result "1/2-1/2"]
[WhiteElo "2323"]
[BlackElo "2429"]
[PlyCount "95"]
[EventDate "2014.11.08"]

1. Nf3 Nf6 2. g3 b6 3. Bg2 Bb7 4. b3 c5 5. Bb2 e6 6. O-O Be7 7. c4 O-O 8. e3 d6
9. Nc3 Nbd7 10. d4 Qc7 11. Rc1 Rfe8 12. Re1 Rac8 13. d5 exd5 14. cxd5 a6 15. a4
Bf8 16. e4 Qb8 17. h3 b5 18. axb5 axb5 19. Qc2 b4 20. Nb1 g6 21. Nbd2 Bg7 22.
Nc4 Ba6 23. Nfd2 Nh5 24. Ra1 Bxc4 25. Nxc4 Bxb2 26. Qxb2 Ne5 27. Qc2 Nxc4 28.
Qxc4 Qc7 29. Kh2 Nf6 30. f4 Nd7 31. Ra6 Nb6 32. Qf1 Ra8 33. e5 c4 34. exd6 Qxd6
35. Rxa8 Rxa8 36. Qf2 Rb8 37. bxc4 Qd8 38. c5 Nd7 39. Rb1 b3 40. Rb2 Rb5 41. c6
Nc5 42. Qe2 Rb8 43. Qe5 f6 44. Qd4 Qd6 45. Re2 Kf7 46. Qa1 Kf8 47. Qd4 Kf7 48.
Qa1 1/2-1/2

[Event "Druga liga Srbije- Grupa Vojvodina 2014"]
[Site "Kac, hotel "]
[Date "2014.11.11"]
[Round "6.3"]
[White "Mijatovic, Dejan"]
[Black "Dragojlovic, Andjelko"]
[Result "0-1"]
[WhiteElo "2251"]
[BlackElo "2290"]
[PlyCount "66"]
[EventDate "2014.11.08"]

1. d4 g6 2. Nf3 Bg7 3. c3 d6 4. Bf4 Nd7 5. e3 e5 6. dxe5 dxe5 7. Bg3 Ne7 8.
Nbd2 Nf5 9. e4 Nxg3 10. hxg3 O-O 11. Nc4 b6 12. Qd5 Rb8 13. O-O-O Qe7 14. Ne3
Nf6 15. Qc4 c6 16. Bd3 b5 17. Qb4 c5 18. Qa5 a6 19. c4 Bb7 20. Nd2 Rfd8 21. Nd5
Bxd5 22. cxd5 c4 23. Be2 Qa7 24. Rdf1 Ne8 25. g4 Nd6 26. Rh3 Rdc8 27. Qb4 Qb6
28. Rfh1 c3 29. bxc3 a5 30. Qb2 Qxf2 31. Kd1 h6 32. g5 hxg5 33. Rh7 Qc5 0-1

[Event "Druga liga Srbije- Grupa Vojvodina 2014"]
[Site "Kac, hotel "]
[Date "2014.11.11"]
[Round "6.3"]
[White "Jovic, Stevan"]
[Black "Popov, Stevan"]
[Result "1/2-1/2"]
[WhiteElo "2273"]
[BlackElo "2159"]
[PlyCount "77"]
[EventDate "2014.11.08"]

1. d4 Nf6 2. c4 e6 3. Nc3 d5 4. Nf3 c6 5. e3 Be7 6. Qc2 Nbd7 7. Bd3 O-O 8. O-O
Re8 9. e4 dxe4 10. Nxe4 Nxe4 11. Bxe4 Nf6 12. Bd3 b6 13. c5 bxc5 14. dxc5 Qa5
15. Be3 Ba6 16. Bxa6 Qxa6 17. a3 Rad8 18. b4 Rd5 19. h3 h6 20. a4 Red8 21. Rfb1
Qc8 22. Rc1 Nd7 23. Rab1 a5 24. Rb3 axb4 25. Rxb4 Bxc5 26. Rc4 Bxe3 27. fxe3 c5
28. a5 Qa6 29. Ra4 Rb8 30. Nd2 Ne5 31. e4 Rdd8 32. Rb1 Rxb1+ 33. Nxb1 c4 34.
Nc3 Rd3 35. Kh1 Kh7 36. Ra1 f6 37. Ne2 Rd7 38. Qc3 Rd3 39. Qc2 1/2-1/2

[Event "Druga liga Srbije- Grupa Vojvodina 2014"]
[Site "Kac, hotel "]
[Date "2014.11.11"]
[Round "6.3"]
[White "Adamov, Ivan"]
[Black "Dimitrijevic, Nenad"]
[Result "1/2-1/2"]
[WhiteElo "1947"]
[BlackElo "2246"]
[PlyCount "118"]
[EventDate "2014.11.08"]

1. e4 c5 2. Nf3 e6 3. d4 cxd4 4. Nxd4 a6 5. Nc3 Qc7 6. g3 Nc6 7. Bg2 Nf6 8. O-O
Nxd4 9. Qxd4 Bc5 10. Qd3 d6 11. Be3 Bxe3 12. Qxe3 O-O 13. Rad1 Ng4 14. Qd4 Rd8
15. f4 Nf6 16. Na4 b5 17. e5 Nd5 18. Bxd5 exd5 19. Nb6 Rb8 20. Nxd5 Qxc2 21.
Rc1 Qa4 22. Qxa4 bxa4 23. Ne7+ Kf8 24. Nc6 Bh3 25. Rfe1 dxe5 26. Nxd8 Rxd8 27.
Rxe5 Rd2 28. Rce1 g6 29. R1e2 Rd1+ 30. Kf2 Bg4 31. Rc2 Be6 32. a3 Rd6 33. Ke3
Bb3 34. Rd2 Rc6 35. Re4 h5 36. Rd8+ Kg7 37. Red4 Re6+ 38. Kd3 Re1 39. Kc3 a5
40. Rd2 Rc1+ 41. Kd4 Rc4+ 42. Ke3 Rc5 43. Re8 Be6 44. Red8 Kf6 45. R8d3 Kf5 46.
Rc3 Rb5 47. Rdc2 Kg4 48. Kf2 h4 49. Kg2 Bd5+ 50. Kf2 Bb3 51. Rc5 Rb7 52. Rg5+
Kh3 53. Rc3 Be6 54. gxh4+ Kxh4 55. Rc2 Bf5 56. Re2 Rb8 57. Ke3 Rb3+ 58. Kd4 Rf3
59. Ke5 f6+ 1/2-1/2

[Event "Druga liga Srbije- Grupa Vojvodina 2014"]
[Site "Kac, hotel "]
[Date "2014.11.11"]
[Round "6.4"]
[White "Czebe, Attila"]
[Black "Sertic, Rudolf"]
[Result "1/2-1/2"]
[WhiteElo "2437"]
[BlackElo "2336"]
[PlyCount "84"]
[EventDate "2014.11.08"]

1. e4 e6 2. d4 d5 3. Nd2 c5 4. Ngf3 cxd4 5. exd5 Qxd5 6. Bc4 Qd6 7. O-O Nc6 8.
Nb3 Nf6 9. Nbxd4 Nxd4 10. Qxd4 Bd7 11. Be3 Rc8 12. Bb3 Qxd4 13. Bxd4 Bc5 14.
Rad1 Bb5 15. Rfe1 Ke7 16. Re5 b6 17. c3 Rhd8 18. Bxc5+ Rxc5 19. Rxd8 Kxd8 20.
Rxc5 bxc5 21. Ne5 Ke7 22. f4 Be8 23. Kf2 Nd5 24. f5 Nc7 25. Nd3 Kd6 26. fxe6
Nxe6 27. Bxe6 fxe6 28. Ke3 Bc6 29. g3 Bd5 30. Nc1 a5 31. b3 e5 32. h4 h6 33. c4
Bc6 34. a3 e4 35. Kf4 g5+ 36. hxg5 hxg5+ 37. Kf5 e3 38. Nd3 e2 39. Ne1 Bb7 40.
a4 Bc6 41. Nd3 Bb7 42. Ne1 Bc6 1/2-1/2

[Event "Druga liga Srbije- Grupa Vojvodina 2014"]
[Site "Kac, hotel "]
[Date "2014.11.11"]
[Round "6.4"]
[White "Vujadinovic, Goran"]
[Black "Tancik, Kristijan"]
[Result "1/2-1/2"]
[WhiteElo "2346"]
[BlackElo "2255"]
[PlyCount "31"]
[EventDate "2014.11.08"]

1. Nf3 Nf6 2. g3 g6 3. Bg2 Bg7 4. O-O O-O 5. d3 d5 6. Nbd2 a5 7. e4 dxe4 8.
dxe4 a4 9. a3 Nc6 10. h3 e5 11. Re1 b6 12. Bf1 Qe7 13. b4 axb3 14. cxb3 Rd8 15.
Qc2 Nd4 16. Nxd4 1/2-1/2

[Event "Druga liga Srbije- Grupa Vojvodina 2014"]
[Site "Kac, hotel "]
[Date "2014.11.11"]
[Round "6.4"]
[White "Bulajic, Ratko"]
[Black "Kolognat, Petar"]
[Result "1-0"]
[WhiteElo "2292"]
[BlackElo "2294"]
[PlyCount "55"]
[EventDate "2014.11.08"]

1. d4 Nf6 2. c4 e6 3. Nf3 d5 4. g3 Be7 5. Bg2 O-O 6. Nc3 c5 7. cxd5 exd5 8. O-O
Ne4 9. Nd2 cxd4 10. Nxd5 Qxd5 11. Bxe4 Qd8 12. Qc2 h6 13. Rd1 Bf6 14. Nb3 Nc6
15. Bxc6 bxc6 16. Be3 c5 17. Qxc5 Bb7 18. Bxd4 Rc8 19. Qxa7 Qd5 20. f3 Bg5 21.
Bc5 Qe6 22. Qxb7 Rxc5 23. Nxc5 Be3+ 24. Kg2 Bxc5 25. Qe4 Qf6 26. b4 Ba7 27.
Rac1 Rb8 28. Rc7 1-0

[Event "Druga liga Srbije- Grupa Vojvodina 2014"]
[Site "Kac, hotel "]
[Date "2014.11.11"]
[Round "6.4"]
[White "Mastrapovic, Vladimir"]
[Black "Tokovic, Svetozar"]
[Result "1-0"]
[WhiteElo "2274"]
[BlackElo "2235"]
[PlyCount "57"]
[EventDate "2014.11.08"]

1. e4 c5 2. Nf3 e6 3. d4 cxd4 4. Nxd4 Nc6 5. Nc3 Qc7 6. Be3 a6 7. Qd2 Nf6 8. f3
Be7 9. O-O-O b5 10. g4 Bb7 11. g5 Nh5 12. Nb3 d6 13. f4 g6 14. Be2 Ng7 15. h4
Na5 16. Nxa5 Qxa5 17. Bd4 b4 18. Bxg7 Rg8 19. Qd4 bxc3 20. Kb1 cxb2 21. Bf6 Qc5
22. Rh3 Rc8 23. Qa4+ Bc6 24. Qxa6 Ra8 25. Bd4 Rxa6 26. Bxc5 Ra4 27. Bxd6 Bxd6
28. Rxd6 Bxe4 29. Bb5+ 1-0

[Event "Druga liga Srbije- Grupa Vojvodina 2014"]
[Site "Kac, hotel "]
[Date "2014.11.11"]
[Round "6.4"]
[White "Ivanovic, Miroslav"]
[Black "Bogic, Stevan"]
[Result "1/2-1/2"]
[WhiteElo "2126"]
[BlackElo "2199"]
[PlyCount "73"]
[EventDate "2014.11.08"]

1. Nf3 Nf6 2. c4 g6 3. Nc3 Bg7 4. d4 O-O 5. e4 d6 6. h3 c5 7. d5 Qa5 8. Bd2 e5
9. g4 Na6 10. Bd3 Qd8 11. Bg5 Nc7 12. Qd2 Re8 13. Ng1 Qe7 14. f3 Qf8 15. h4 h6
16. Be3 h5 17. g5 Nh7 18. Nh3 Bd7 19. Ke2 Reb8 20. Nb5 Ne8 21. a4 a6 22. Nc3
Nc7 23. Nf2 b6 24. Rab1 b5 25. axb5 axb5 26. Nxb5 Nxb5 27. cxb5 Bxb5 28. Bxb5
Rxb5 29. b4 Qb8 30. Nd3 f5 31. Rhc1 fxe4 32. fxe4 Qc8 33. Nf2 Rab8 34. Rc4 Qa6
35. Nd3 Qc8 36. Nf2 Qa6 37. Nd3 1/2-1/2

[Event "Druga liga Srbije- Grupa Vojvodina 2014"]
[Site "Kac, hotel "]
[Date "2014.11.11"]
[Round "6.4"]
[White "Markovic, Dragan M"]
[Black "Roganovic, Nebojsa"]
[Result "1/2-1/2"]
[WhiteElo "2017"]
[BlackElo "2197"]
[PlyCount "27"]
[EventDate "2014.11.08"]

1. Nf3 d5 2. d4 e6 3. g3 Nf6 4. Bg2 c5 5. c4 Nc6 6. cxd5 Nxd5 7. O-O Qb6 8. e4
Nf6 9. d5 Nd4 10. Nc3 Nxf3+ 11. Qxf3 Be7 12. h3 O-O 13. Bg5 h6 14. Bf4 1/2-1/2

[Event "Druga liga Srbije- Grupa Vojvodina 2014"]
[Site "Kac, hotel "]
[Date "2014.11.11"]
[Round "6.5"]
[White "Indjic, Aleksandar"]
[Black "Leskur, Dejan"]
[Result "1/2-1/2"]
[WhiteElo "2538"]
[BlackElo "2382"]
[PlyCount "119"]
[EventDate "2014.11.08"]

1. d4 d5 2. c4 e6 3. Nf3 Nf6 4. Nc3 Be7 5. Bg5 Nbd7 6. e3 O-O 7. Qc2 c6 8. Bd3
h6 9. h4 dxc4 10. Bxc4 b5 11. Bd3 Qa5 12. O-O-O b4 13. Na4 c5 14. Ne5 Nxe5 15.
dxe5 Nd5 16. Bxe7 Nxe7 17. Nxc5 Qxa2 18. Qc4 Qxc4+ 19. Bxc4 a5 20. Kb1 a4 21.
b3 axb3 22. Bxb3 Ra5 23. Rc1 Nd5 24. Bxd5 exd5 25. Kb2 Ba6 26. Nxa6 Rxa6 27.
Kb3 Re8 28. Ra1 Rxa1 29. Rxa1 Rxe5 30. g3 g5 31. hxg5 hxg5 32. Kxb4 g4 33. Kc3
Kg7 34. Ra4 Rg5 35. Rf4 Kf8 36. Kd3 Ke7 37. Ra4 Rf5 38. Ke2 Rg5 39. Ra6 f6 40.
Rb6 Rf5 41. Rb7+ Kf8 42. Rd7 Rg5 43. Ra7 Re5 44. Ra4 Rg5 45. Ra5 Kf7 46. Ra7+
Ke6 47. Ra8 Rg7 48. Re8+ Kd6 49. e4 dxe4 50. Ke3 Ra7 51. Kxe4 Ra2 52. Kf5 Rxf2+
53. Kxg4 Kd7 54. Re3 Kd6 55. Kh5 f5 56. Kg5 Kd5 57. Kf6 f4 58. Re5+ Kd4 59.
gxf4 Rxf4+ 60. Rf5 1/2-1/2

[Event "Druga liga Srbije- Grupa Vojvodina 2014"]
[Site "Kac, hotel "]
[Date "2014.11.11"]
[Round "6.5"]
[White "Robulj, Nenad"]
[Black "Vukic, Milan"]
[Result "1-0"]
[WhiteElo "2329"]
[BlackElo "2396"]
[PlyCount "47"]
[EventDate "2014.11.08"]

1. e4 c5 2. Nf3 e6 3. c3 d5 4. e5 Nc6 5. d4 Qb6 6. a3 Nh6 7. b4 cxd4 8. cxd4
Nf5 9. Be3 f6 10. exf6 gxf6 11. Bd3 Nxe3 12. fxe3 e5 13. Nh4 Ne7 14. Nc3 Kd8
15. Na4 Qd6 16. dxe5 fxe5 17. O-O Qh6 18. Nf5 Bxf5 19. Bxf5 Qxe3+ 20. Kh1 d4
21. Bh3 h5 22. Nc5 Nd5 23. Qa4 Nb6 24. Nxb7+ 1-0

[Event "Druga liga Srbije- Grupa Vojvodina 2014"]
[Site "Kac, hotel "]
[Date "2014.11.11"]
[Round "6.5"]
[White "Stupavski, Zdenko"]
[Black "Joksimovic, Dragoljub"]
[Result "1-0"]
[WhiteElo "2413"]
[BlackElo "2205"]
[PlyCount "83"]
[EventDate "2014.11.08"]

1. c4 Nf6 2. g3 g6 3. Bg2 Bg7 4. Nc3 d6 5. Nf3 c6 6. O-O O-O 7. d3 Na6 8. Rb1
Nc7 9. b4 d5 10. cxd5 Ncxd5 11. Nxd5 cxd5 12. Bb2 Bd7 13. Qb3 e6 14. Bd4 b6 15.
Qb2 Ne8 16. Bxg7 Nxg7 17. e4 Bc6 18. Ne5 Bb7 19. Rbc1 f6 20. Nc6 Bxc6 21. Rxc6
dxe4 22. dxe4 e5 23. Qb3+ Kh8 24. Rd1 Qe8 25. Rdd6 Qe7 26. Qd5 Rad8 27. h4 Nh5
28. b5 Rxd6 29. Rxd6 Rf7 30. Bf3 Kg7 31. Bg4 Qf8 32. Be6 Rc7 33. Kg2 Kh6 34.
Qd2+ Kg7 35. Bb3 Qe7 36. Rd8 g5 37. Bd1 Kh6 38. hxg5+ fxg5 39. Bxh5 Kxh5 40.
Rd6 Rc2 41. Qd1+ g4 42. Qh1+ 1-0

[Event "Druga liga Srbije- Grupa Vojvodina 2014"]
[Site "Kac, hotel "]
[Date "2014.11.11"]
[Round "6.5"]
[White "Besedes, Danilo"]
[Black "Elez, Nikola"]
[Result "1/2-1/2"]
[WhiteElo "2113"]
[BlackElo "2168"]
[PlyCount "71"]
[EventDate "2014.11.08"]

1. d4 d6 2. Nf3 Bg4 3. e4 Nf6 4. h3 Bh5 5. Nc3 e6 6. Be2 Be7 7. Be3 O-O 8. O-O
Nbd7 9. Re1 Re8 10. e5 Nd5 11. Nxd5 exd5 12. Bf4 dxe5 13. Nxe5 Bxe2 14. Rxe2
Bd6 15. Nxd7 Qxd7 16. Bxd6 Qxd6 17. Qd2 Re4 18. Rae1 Rae8 19. f3 Rxe2 20. Rxe2
Rxe2 21. Qxe2 Kf8 22. c3 h5 23. a3 a6 24. Qe3 g6 25. Kf2 Kg7 26. f4 Kf6 27. g3
Qe6 28. Kf3 Qxe3+ 29. Kxe3 Kf5 30. Kf3 f6 31. g4+ hxg4+ 32. hxg4+ Ke6 33. Ke3
Kd6 34. Kd3 b6 35. b3 c5 36. b4 1/2-1/2

[Event "Druga liga Srbije- Grupa Vojvodina 2014"]
[Site "Kac, hotel "]
[Date "2014.11.11"]
[Round "6.5"]
[White "Gavric, Zivojin"]
[Black "Mitrovic, Zivadin"]
[Result "1-0"]
[WhiteElo "2104"]
[BlackElo "2186"]
[PlyCount "71"]
[EventDate "2014.11.08"]

1. e4 d5 2. exd5 Nf6 3. Bb5+ Bd7 4. Bc4 Bf5 5. Nc3 Nbd7 6. d3 Nb6 7. Qf3 Nxc4
8. dxc4 Bxc2 9. Nge2 Qd7 10. Bf4 a6 11. O-O h6 12. Nd4 Bh7 13. b4 g5 14. Be5
Bg7 15. Rae1 O-O 16. Qe2 Rfe8 17. f4 gxf4 18. Rxf4 Bg6 19. Ref1 h5 20. Nf5 Bh8
21. Nh4 Rf8 22. R1f3 Kh7 23. Rg3 Rg8 24. Nxg6 fxg6 25. Ne4 Raf8 26. Ng5+ Kh6
27. Ne6 Rc8 28. Qe3 Kh7 29. Qe2 c6 30. Ng5+ Kh6 31. Nf7+ Kg7 32. Nxh8 Rxh8 33.
d6 Rhf8 34. Qe4 Kf7 35. Qxg6+ Ke6 36. Qf5+ 1-0

[Event "Druga liga Srbije- Grupa Vojvodina 2014"]
[Site "Kac, hotel "]
[Date "2014.11.11"]
[Round "6.5"]
[White "Vlajkovic, Goran"]
[Black "Indjic, Stefan"]
[Result "1-0"]
[WhiteElo "2099"]
[BlackElo "2080"]
[PlyCount "77"]
[EventDate "2014.11.08"]

1. d4 Nf6 2. c4 c5 3. d5 g6 4. Nc3 d6 5. e4 Bg7 6. f3 O-O 7. Bg5 h6 8. Be3 e6
9. Qd2 exd5 10. cxd5 Kh7 11. Nge2 Nbd7 12. Ng3 a6 13. a4 Qa5 14. Ra3 Re8 15.
Be2 Rb8 16. O-O Ne5 17. Qc2 h5 18. Bg5 c4 19. Nd1 Qb4 20. a5 Bd7 21. Bd2 Qc5+
22. Be3 Qb4 23. Bd2 Qc5+ 24. Be3 Qb4 25. Nc3 Rbc8 26. Rd1 Nd3 27. Rb1 h4 28.
Nf1 Nh5 29. Bxd3 cxd3 30. Qxd3 Bxc3 31. Rxc3 Qxa5 32. Rbc1 h3 33. g4 Nf6 34.
Bd4 Bb5 35. Qd2 Rxc3 36. Rxc3 Nxd5 37. exd5 Bxf1 38. Qg5 Bg2 39. Qh4+ 1-0

[Event "Druga liga Srbije- Grupa Vojvodina 2014"]
[Site "Kac, hotel "]
[Date "2014.11.11"]
[Round "6.6"]
[White "Veljkovic, Vojislav"]
[Black "Kokeza, Mirko"]
[Result "1/2-1/2"]
[WhiteElo "2224"]
[BlackElo "2265"]
[PlyCount "26"]
[EventDate "2014.11.08"]

1. Nf3 g6 2. e4 c5 3. d4 Bg7 4. c3 cxd4 5. cxd4 d5 6. e5 Bg4 7. Bb5+ Nc6 8. O-O
Rc8 9. h3 Bxf3 10. Qxf3 e6 11. Rd1 a6 12. Bf1 Nge7 13. g4 Qb6 1/2-1/2

[Event "Druga liga Srbije- Grupa Vojvodina 2014"]
[Site "Kac, hotel "]
[Date "2014.11.11"]
[Round "6.6"]
[White "Markovic, Milovan"]
[Black "Banovic, Ivan"]
[Result "1/2-1/2"]
[WhiteElo "2259"]
[BlackElo "2226"]
[PlyCount "35"]
[EventDate "2014.11.08"]

1. Nf3 Nf6 2. g3 g6 3. Bg2 Bg7 4. O-O O-O 5. d4 d6 6. Re1 c5 7. c3 Nc6 8. dxc5
dxc5 9. Qxd8 Rxd8 10. Be3 Nd7 11. Rd1 Rb8 12. a4 b6 13. Na3 Ba6 14. Nb5 Bb7 15.
Nd2 Nde5 16. h3 h6 17. Na3 Na5 18. f4 1/2-1/2

[Event "Druga liga Srbije- Grupa Vojvodina 2014"]
[Site "Kac, hotel "]
[Date "2014.11.11"]
[Round "6.6"]
[White "Krejic, Igor"]
[Black "Vukovic, Miroslav R"]
[Result "1/2-1/2"]
[WhiteElo "2213"]
[BlackElo "2183"]
[PlyCount "21"]
[EventDate "2014.11.08"]

1. e4 c6 2. d4 d5 3. exd5 cxd5 4. c4 Nf6 5. Nc3 e6 6. c5 Be7 7. Nf3 O-O 8. Bf4
b6 9. Nb5 Ne8 10. Bxb8 Rxb8 11. Ne5 1/2-1/2

[Event "Druga liga Srbije- Grupa Vojvodina 2014"]
[Site "Kac, hotel "]
[Date "2014.11.11"]
[Round "6.6"]
[White "Tomic, Vjekoslav"]
[Black "Pavlik, Goran"]
[Result "1/2-1/2"]
[WhiteElo "2237"]
[BlackElo "2195"]
[PlyCount "39"]
[EventDate "2014.11.08"]

1. e4 d5 2. exd5 Nf6 3. d6 cxd6 4. d4 g6 5. Nf3 Bg7 6. Be2 O-O 7. O-O b6 8. b3
Bb7 9. Bb2 e6 10. Nbd2 a6 11. Re1 Nc6 12. Nc4 b5 13. Ne3 Ne7 14. c4 Qb6 15. Qd2
Rfd8 16. Qd3 Be4 17. Qd2 Bb7 18. Qd3 Be4 19. Qd2 Bb7 20. Qd3 1/2-1/2

[Event "Druga liga Srbije- Grupa Vojvodina 2014"]
[Site "Kac, hotel "]
[Date "2014.11.11"]
[Round "6.6"]
[White "Djurnic, Strahinja"]
[Black "Mehandzic, Georgije"]
[Result "1/2-1/2"]
[WhiteElo "2048"]
[BlackElo "2098"]
[PlyCount "34"]
[EventDate "2014.11.08"]

1. e4 c6 2. d4 d5 3. Nc3 dxe4 4. Nxe4 g6 5. Bc4 Bg7 6. Nf3 Nf6 7. Nxf6+ exf6 8.
Be3 O-O 9. Qd2 Re8 10. O-O-O Nd7 11. Bh6 Nb6 12. Bb3 Bh8 13. Rhe1 Rxe1 14. Rxe1
a5 15. Qe2 Bd7 16. Qe7 Nd5 17. Bxd5 cxd5 1/2-1/2

[Event "Druga liga Srbije- Grupa Vojvodina 2014"]
[Site "Kac, hotel "]
[Date "2014.11.12"]
[Round "7.1"]
[White "Veljkovic, Vojislav"]
[Black "Kopasz, Robert"]
[Result "0-1"]
[WhiteElo "2224"]
[BlackElo "2322"]
[PlyCount "90"]
[EventDate "2014.11.08"]

1. Nf3 g6 2. d4 Bg7 3. c4 c5 4. e3 Nf6 5. Be2 cxd4 6. exd4 d5 7. O-O O-O 8. Nc3
Nc6 9. c5 Bg4 10. Be3 e6 11. h3 Bxf3 12. Bxf3 Nd7 13. a3 b6 14. Qa4 bxc5 15.
dxc5 Rc8 16. Rfd1 Qe7 17. Rac1 d4 18. Bxc6 Nxc5 19. Qb4 dxe3 20. Bf3 exf2+ 21.
Kxf2 a5 22. Qc4 Qa7 23. Kf1 Nd7 24. Qe2 Ne5 25. Nb5 Qb8 26. a4 Rxc1 27. Rxc1
Nxf3 28. Qxf3 Bxb2 29. Rc7 Be5 30. Ra7 Qd8 31. Ke2 Bb8 32. Ra8 Qd7 33. Nc3 Rd8
34. Kf1 Qd2 35. Ne2 Qd1+ 36. Kf2 Qxa4 37. Qb7 Qb4 38. Qc6 Qh4+ 39. g3 Qf6+ 40.
Ke1 Qe5 41. Qb6 Qa1+ 42. Kf2 Bxg3+ 43. Nxg3 Rxa8 44. Ne4 Qe5 45. Qe3 f5 0-1

[Event "Druga liga Srbije- Grupa Vojvodina 2014"]
[Site "Kac, hotel "]
[Date "2014.11.12"]
[Round "7.1"]
[White "Simonyi, Zoltan"]
[Black "Savanovic, Vuk"]
[Result "0-1"]
[WhiteElo "2282"]
[BlackElo "2292"]
[PlyCount "92"]
[EventDate "2014.11.08"]

1. f4 Nf6 2. Nf3 g6 3. b3 Bg7 4. Bb2 O-O 5. e3 c5 6. Be2 Nc6 7. O-O d6 8. Qe1
Re8 9. Qh4 h6 10. h3 e5 11. fxe5 Nxe5 12. Nxe5 dxe5 13. Bc4 Qe7 14. d3 Bd7 15.
a4 a6 16. a5 Bb5 17. e4 Bxc4 18. bxc4 Nd5 19. Qf2 Nf4 20. Nc3 Qg5 21. Kh2 f5
22. g3 Ne6 23. exf5 gxf5 24. Qxf5 Qxf5 25. Rxf5 e4 26. dxe4 Nd4 27. Rf2 Rf8 28.
Raf1 Nxc2 29. Nd1 Bxb2 30. Nxb2 Nd4 31. Rf4 Nb3 32. Nd3 Nxa5 33. e5 Rae8 34.
Rg4+ Kh7 35. Re1 Nc6 36. Kg2 b5 37. e6 Rf5 38. Rf4 Kg6 39. g4 Rxf4 40. Nxf4+
Kg7 41. Ra1 bxc4 42. Rxa6 Nd4 43. Ra7+ Kf6 44. Rf7+ Ke5 45. e7 c3 46. Rg7 Kxf4
0-1

[Event "Druga liga Srbije- Grupa Vojvodina 2014"]
[Site "Kac, hotel "]
[Date "2014.11.12"]
[Round "7.1"]
[White "Banovic, Ivan"]
[Black "Nagy, Attila N"]
[Result "1/2-1/2"]
[WhiteElo "2226"]
[BlackElo "2221"]
[PlyCount "117"]
[EventDate "2014.11.08"]

1. d4 Nf6 2. c4 c5 3. d5 b5 4. cxb5 a6 5. bxa6 g6 6. Nc3 Bg7 7. e4 d6 8. Bb5+
Nbd7 9. Qe2 Qa5 10. Bd2 Bxa6 11. Nf3 O-O 12. a4 Rfb8 13. O-O Ra7 14. e5 dxe5
15. Nxe5 Nxe5 16. Qxe5 Rd8 17. Ne4 Qb6 18. Bc3 Nh5 19. Qg5 h6 20. Qd2 Bxb5 21.
axb5 Rxa1 22. Rxa1 Qxb5 23. Bxg7 Nxg7 24. Ra5 Qc4 25. Nc3 Nf5 26. Qe2 Rb8 27.
h3 Qb4 28. Ra4 Qxb2 29. Qxb2 Rxb2 30. Rc4 Rc2 31. Rxc5 Nd4 32. Ne4 Rxc5 33.
Nxc5 Ne2+ 34. Kf1 Nf4 35. Ne4 Nxd5 36. Ke2 f5 37. Nc5 Kf7 38. g3 e5 39. Nd3 Kf6
40. Nc5 g5 41. Kf3 e4+ 42. Ke2 Ke5 43. Nb7 h5 44. Nd8 f4 45. Nf7+ Kf6 46. Nd6
Nc3+ 47. Kd2 e3+ 48. fxe3 fxg3 49. Ke1 h4 50. Kf1 Nd5 51. Ke2 Ne7 52. Kf3 Nc6
53. Ne4+ Kg6 54. Nd6 Ne5+ 55. Kg2 Kh5 56. Nf5 g4 57. Nxg3+ hxg3 58. Kxg3 gxh3
59. Kxh3 1/2-1/2

[Event "Druga liga Srbije- Grupa Vojvodina 2014"]
[Site "Kac, hotel "]
[Date "2014.11.12"]
[Round "7.1"]
[White "Lorinc, Sandor"]
[Black "Krejic, Igor"]
[Result "1/2-1/2"]
[WhiteElo "2168"]
[BlackElo "2213"]
[PlyCount "100"]
[EventDate "2014.11.08"]

1. d4 Nf6 2. Bf4 e6 3. e3 Be7 4. h3 O-O 5. Nf3 b6 6. Be2 Bb7 7. O-O d5 8. c3
Nbd7 9. Nbd2 Re8 10. a4 a5 11. Re1 Nf8 12. Ne5 Ng6 13. Bb5 Rf8 14. Nc6 Bxc6 15.
Bxc6 Rb8 16. Bg3 Bd6 17. f4 h5 18. Qf3 Ne7 19. Bb5 Nf5 20. Bf2 Nh6 21. Bh4 g6
22. e4 dxe4 23. Nxe4 Be7 24. Nxf6+ Bxf6 25. Bg5 Kg7 26. Bxh6+ Kxh6 27. g4 hxg4
28. hxg4 Kg7 29. g5 Be7 30. Kg2 Rh8 31. Rad1 Bd6 32. Rh1 Qe7 33. c4 Rxh1 34.
Rxh1 Rh8 35. Rxh8 Kxh8 36. Qa8+ Kg7 37. Kf3 f6 38. c5 bxc5 39. dxc5 Bxc5 40.
Qxa5 fxg5 41. Qc3+ Kf7 42. Qh8 gxf4 43. Qh7+ Kf6 44. Qxe7+ Bxe7 45. Kxf4 Bb4
46. Be8 g5+ 47. Ke4 Ke7 48. Bh5 Kd6 49. Be2 Bd2 50. Bg4 Be1 1/2-1/2

[Event "Druga liga Srbije- Grupa Vojvodina 2014"]
[Site "Kac, hotel "]
[Date "2014.11.12"]
[Round "7.1"]
[White "Pavlik, Goran"]
[Black "Vranic, Ljubomir"]
[Result "0-1"]
[WhiteElo "2195"]
[BlackElo "2187"]
[PlyCount "107"]
[EventDate "2014.11.08"]

1. g3 d5 2. Bg2 Nf6 3. b3 Bf5 4. Bb2 e6 5. d3 h6 6. Nd2 Bh7 7. e3 Nbd7 8. Ngf3
Be7 9. Qe2 c6 10. O-O O-O 11. a3 a5 12. e4 dxe4 13. dxe4 Nc5 14. Nd4 Qb6 15.
Rfd1 Rfd8 16. Nc4 Qa6 17. e5 Nd5 18. Qg4 Nc7 19. Bf1 Qa7 20. Nd6 Bxd6 21. exd6
Ne8 22. Rd2 Nf6 23. Qf4 Nce4 24. Re2 Qc5 25. Qe3 Qxd6 26. f3 Nd5 27. Qc1 Nc5
28. Re1 e5 29. Ne2 Ne6 30. Kh1 f6 31. c4 Ndc7 32. Rd1 Qc5 33. Qc3 Qf2 34. Ng1
Rd4 35. Re1 Qd2 36. Rad1 Qxc3 37. Bxc3 Rxd1 38. Rxd1 Bc2 39. Rd7 Bxb3 40. c5 a4
41. Bh3 Rd8 42. Bxe6+ Nxe6 43. Rxd8+ Nxd8 44. Ne2 Bd1 45. Ng1 Kf7 46. Kg2 Ke6
47. Kf2 Kd5 48. Ke1 Bb3 49. Bb4 Ne6 50. Kd2 Nxc5 51. Ne2 Ne6 52. Kd3 Bc4+ 53.
Ke3 Bxe2 54. Kxe2 0-1

[Event "Druga liga Srbije- Grupa Vojvodina 2014"]
[Site "Kac, hotel "]
[Date "2014.11.12"]
[Round "7.1"]
[White "Juhasz, Bencze"]
[Black "Djurnic, Strahinja"]
[Result "1/2-1/2"]
[WhiteElo "2145"]
[BlackElo "2048"]
[PlyCount "145"]
[EventDate "2014.11.08"]

1. e4 e6 2. d4 d5 3. Nd2 dxe4 4. Nxe4 Bd7 5. Nf3 Bc6 6. Bd3 Nd7 7. Qe2 Bxe4 8.
Bxe4 c6 9. c3 Ngf6 10. Bc2 Qc7 11. O-O Bd6 12. Re1 Bf4 13. Ne5 Bxc1 14. Raxc1
O-O 15. Qd3 Rad8 16. Qh3 c5 17. Nf3 cxd4 18. Nxd4 Qa5 19. b4 Qh5 20. Qxh5 Nxh5
21. Be4 Nf4 22. g3 Nd5 23. a3 N7f6 24. Bg2 Rd7 25. Nb3 b6 26. h3 Rfd8 27. Kf1
b5 28. Nc5 Rc7 29. Red1 Rdc8 30. c4 bxc4 31. Rxc4 a5 32. Rcd4 axb4 33. axb4
Nxb4 34. Rd8+ Ne8 35. Ne4 Nd5 36. Rxc8 Rxc8 37. Ra1 h6 38. Ra7 Ndf6 39. Ke2
Nxe4 40. Bxe4 Nd6 41. Bd3 Ne8 42. Ke3 Nf6 43. Be4 g5 44. Bf3 Rc3+ 45. Ke2 Kg7
46. Rb7 Rc4 47. Ke3 h5 48. Rb5 Rc3+ 49. Ke2 Kg6 50. Ra5 g4 51. hxg4 Nxg4 52.
Bxg4 hxg4 53. Rb5 f5 54. Rb8 Kf6 55. Rb5 Rc2+ 56. Ke3 Rc1 57. Ke2 Rc4 58. Ra5
Rd4 59. Rb5 Rd5 60. Rb4 Ke5 61. Rc4 Rd4 62. Rc3 Ke4 63. Re3+ Kd5 64. Ra3 e5 65.
Rb3 f4 66. gxf4 exf4 67. Rb8 Re4+ 68. Kf1 Kc4 69. Rg8 f3 70. Kg1 Kd3 71. Kh2
Ke2 72. Kg3 Kf1 73. Rb8 1/2-1/2

[Event "Druga liga Srbije- Grupa Vojvodina 2014"]
[Site "Kac, hotel "]
[Date "2014.11.12"]
[Round "7.2"]
[White "Joksimovic, Dragoljub"]
[Black "Markovic, Milovan"]
[Result "1/2-1/2"]
[WhiteElo "2205"]
[BlackElo "2259"]
[PlyCount "28"]
[EventDate "2014.11.08"]

1. g3 Nf6 2. Bg2 g6 3. c4 Bg7 4. Nc3 O-O 5. d4 d6 6. e3 c6 7. Nge2 Bg4 8. h3
Bd7 9. O-O Na6 10. b3 Nc7 11. Bb2 Rb8 12. Qd2 d5 13. Rfe1 Bf5 14. Nf4 h5
1/2-1/2